Algebraic theory of numbers /

Tallennettuna:
Bibliografiset tiedot
Päätekijä: Samuel, Pierre, 1921-
Aineistotyyppi: Kirja
Kieli:English
Julkaistu: Paris : Hermann, [1970].
Aiheet:
LEADER 00819nam a2200217 i 4500
001 c000305829
003 CARM
005 00000000000000.0
008 840313s1970 fr 0 eng d
019 1 |a 69847432  |5 LACONCORD2021 
035 |a (OCoLC)118451  |5 LACONCORD2021 
082 0 4 |a 512.74 
100 1 |a Samuel, Pierre,  |d 1921- 
245 1 0 |a Algebraic theory of numbers /  |c Translated from the French by Allan J. Silberger. 
260 |a Paris :  |b Hermann,  |c [1970]. 
300 |a 109 p. 
500 |a Translation of Theorie algebrique des nombres. 
650 0 |a Algebraic number theory. 
852 8 |b CARM  |h A1:AQ28F0  |i C10857  |p 0367794  |f BK 
999 f f |i e2d8ff60-0c8e-5e70-937f-456fa73018be  |s 5a7786f6-7fe1-5451-ac79-ad271c4b610d 
952 f f |p Can circulate  |a CAVAL  |b CAVAL  |c CAVAL  |d CARM 1 Store  |e C10857  |f A1:AQ28F0  |h Other scheme  |i book  |m 0367794